00713nam a22001697a 450000500170000000800410001702000180005805000220007610000320009824500760013026000320020630000180023850000220025650501970027865000360047565000320051120231102152041.0171011s2012 mx ||||| |||| 00| 0 spa d a9786071713216 aKGF1059bE76 2012 aEsperón Melgar, Gabriela. aManual de sociedades civiles y mercantilesc/ Gabriela Esperón Melgar aMéxicob: Trillasc, 2013 a240 páginas aIncluye contenido aContratos civiles Contrato de comparventa civil Contrato de permuta Contrato de donacion Contrato de mutuo Contrato arrendamiento Contrato comodato Contrato de deposito Contrato de mandato 0aSOCIEDADES ANÓNIMASxMÉXICO 0aDERECHO MERCANTILxMÉXICO